[Event "Tunja Boyaca op-B"]
[Site "Tunja"]
[Date "2019.08.01"]
[Round "2"]
[White "Granados Vasquez, Reynaldo"]
[Black "Torrente, Andres Felipe"]
[Result "1/2-1/2"]
[WhiteElo "1991"]
[BlackElo "1699"]
[PlyCount "109"]
[EventDate "2019.07.31"]
[EventType "swiss"]
[EventRounds "9"]
[EventCountry "COL"]
[SourceTitle "EXT 2020"]
[Source "ChessBase"]
[SourceDate "2019.10.17"]
[SourceVersion "1"]
[SourceVersionDate "2019.10.17"]
[SourceQuality "1"]

1. d4 d5 2. c4 c6 3. Nf3 Nf6 4. g3 Bf5 5. Bg2 e6 6. 0-0 h6 7. Qb3 Qb6 8. c5 Qa6 9. Nc3 Nbd7 10. Bf4 Be7 11. Rfe1 0-0 12. Bf1 b5 13. a4 bxa4 14. Rxa4 Qc8 15. Rea1 g5 16. Bd6 Bxd6 17. cxd6 Ne8 18. Qa3 Bc2 19. Ra5 f6 20. Bh3 Bf5 21. Bxf5 exf5 22. Ra6 Rf7 23. Rc1 Qb7 24. Nd1 Nxd6 25. Ne3 Nb5 26. Qa2 Nb8 27. Ra5 Qd7 28. Rc5 g4 29. Nxd5 cxd5 30. Rxd5 Nd6 31. Nh4 Qe7 32. Rxd6 Qxd6 33. Nxf5 Qf8 34. Qd5 Nd7 35. Nxh6+ Qxh6 36. Qxa8+ Nf8 37. Rxa7 Rxa7 38. Qxa7 Qc1+ 39. Kg2 Qxb2 40. e3 Qb5 41. Qa8 Qf5 42. Qa2+ Kg7 43. Qe2 Ne6 44. f3 Ng5 45. fxg4 Qe4+ 46. Kf2 Qh1 47. e4 Qxh2+ 48. Ke3 Qxg3+ 49. Kd2 Nf3+ 50. Kd3 Ng1+ 51. Qe3 Qxg4 52. e5 Qd1+ 53. Ke4 Qb1+ 54. Kd5 Qb7+ 55. Kd6 1/2-1/2

[Event "Bogota AlphaZero op"]
[Site "Bogota"]
[Date "2018.08.20"]
[Round "6"]
[White "Torrente, Andres Felipe"]
[Black "Mejia Amaya, Jose Luis"]
[Result "1-0"]
[WhiteElo "1699"]
[BlackElo "1960"]
[PlyCount "61"]
[EventDate "2018.08.17"]
[EventType "swiss"]
[EventRounds "7"]
[EventCountry "COL"]
[SourceTitle "CBM 186 Extra"]
[Source "ChessBase"]
[SourceDate "2018.08.24"]
[SourceVersion "1"]
[SourceVersionDate "2018.08.24"]
[SourceQuality "1"]

1. d4 e6 2. e4 d5 3. exd5 exd5 4. Nf3 Nf6 5. Bg5 Be7 6. Nbd2 Bg4 7. Bd3 0-0 8. 0-0 Nc6 9. c3 Ne4 10. Bxe7 Qxe7 11. Qb3 Nxd2 12. Nxd2 Qg5 13. f4 Qh5 14. Qxb7 Ne7 15. Qxc7 Ng6 16. Bxg6 Qxg6 17. Nf3 f6 18. Qc6 Qf7 19. Rae1 Rab8 20. Rf2 Bf5 21. Qa6 Be4 22. Re3 Rb6 23. Qe2 f5 24. Ne5 Qb7 25. h3 Rbf6 26. b3 h6 27. c4 Re6 28. h4 Qe7 29. h5 Rxe5 30. fxe5 g5 31. hxg6 1-0

[Event "Bogota AlphaZero op"]
[Site "Bogota"]
[Date "2018.08.19"]
[Round "4"]
[White "Ospina Ortiz, Oscar Alexander"]
[Black "Torrente, Andres Felipe"]
[Result "0-1"]
[WhiteElo "1926"]
[BlackElo "1699"]
[PlyCount "74"]
[EventDate "2018.08.17"]
[EventType "swiss"]
[EventRounds "7"]
[EventCountry "COL"]
[SourceTitle "CBM 186 Extra"]
[Source "ChessBase"]
[SourceDate "2018.08.24"]
[SourceVersion "1"]
[SourceVersionDate "2018.08.24"]
[SourceQuality "1"]

1. d4 d5 2. Nf3 Nf6 3. Bf4 Bf5 4. e3 c5 5. Bxb8 Rxb8 6. Bb5+ Bd7 7. Bd3 Qb6 8. b3 cxd4 9. exd4 Bg4 10. Nbd2 e6 11. 0-0 Bb4 12. Qc1 Bc3 13. Qa3 Bxa1 14. Rxa1 a6 15. c4 Rd8 16. Rc1 Bxf3 17. Nxf3 Qd6 18. c5 Qe7 19. Qa4+ Nd7 20. c6 bxc6 21. Qxc6 0-0 22. Bxa6 Nb8 23. Qb5 Nxa6 24. Qxa6 Ra8 25. Qe2 Qa3 26. Ra1 Rfc8 27. Qd2 Rc7 28. Ne1 Rac8 29. Nd3 Rc2 30. Qf4 Rxa2 31. Rf1 Qxb3 32. Ne5 Qb7 33. h4 Qc7 34. h5 f6 35. Qg4 fxe5 36. Qxe6+ Kh8 37. h6 gxh6 0-1

[Event "COL sub zt 2.3.4"]
[Site "La Dorada"]
[Date "2016.11.05"]
[Round "6"]
[White "Torrente, Andres Felipe"]
[Black "Hernandez Villar, Andres F"]
[Result "0-1"]
[WhiteElo "1487"]
[BlackElo "1838"]
[PlyCount "82"]
[EventDate "2016.11.02"]
[EventType "swiss"]
[EventRounds "9"]
[EventCountry "COL"]
[SourceTitle "CBM 175 Extra"]
[Source "ChessBase"]
[SourceDate "2016.12.12"]
[SourceVersion "1"]
[SourceVersionDate "2016.12.12"]
[SourceQuality "1"]

1. d4 Nf6 2. c4 c5 3. d5 b5 4. Nf3 e6 5. dxe6 fxe6 6. cxb5 d5 7. e3 Bd6 8. Be2 0-0 9. 0-0 Nbd7 10. Nc3 Ne5 11. Qc2 Qc7 12. h3 Bb7 13. Rd1 Nxf3+ 14. Bxf3 Nd7 15. Bg4 Rf6 16. f4 Raf8 17. e4 d4 18. e5 Bxe5 19. fxe5 Rf2 20. Bxe6+ Kh8 21. Qxf2 Rxf2 22. Kxf2 Nf8 23. Bc4 dxc3 24. Bf4 cxb2 25. Rab1 g5 26. Bg3 Qe7 27. Rd6 Ng6 28. Be6 Nf4 29. Bxf4 gxf4 30. Rxb2 Qg5 31. Bg4 h5 32. Rbd2 Qh4+ 33. Kf1 hxg4 34. Rd8+ Kg7 35. R2d7+ Kg6 36. Rg8+ Kf5 37. hxg4+ Ke4 38. Rxb7 Ke3 39. Kg1 Qf2+ 40. Kh2 f3 41. Kh3 fxg2 0-1

[Event "COL-ch Superate-B"]
[Site "Bogota"]
[Date "2012.12.12"]
[Round "4.6"]
[White "Herrera Quiceno, Cristian Andres"]
[Black "Torrente, Andres Felipe"]
[Result "1-0"]
[WhiteElo "1864"]
[BlackElo "1400"]
[PlyCount "53"]
[EventDate "2012.12.11"]
[EventType "swiss"]
[EventRounds "7"]
[EventCountry "COL"]
[SourceTitle "EXT 2024"]
[Source "ChessBase"]
[SourceDate "2023.10.10"]
[SourceVersion "1"]
[SourceVersionDate "2023.10.10"]
[SourceQuality "1"]

1. d4 Nf6 2. Nf3 e6 3. e3 d5 4. Bd3 c6 5. 0-0 Nbd7 6. Nbd2 c5 7. c3 Be7 8. Re1 0-0 9. e4 c4 10. Bc2 dxe4 11. Nxe4 Nxe4 12. Bxe4 Nf6 13. Bc2 b5 14. Bg5 Bb7 15. Bxf6 Bxf6 16. Be4 Rb8 17. Ne5 Bxe5 18. dxe5 Qc7 19. Qh5 Bxe4 20. Rxe4 Rbd8 21. Rd1 Qa5 22. a3 Qa4 23. Red4 Rxd4 24. Rxd4 h6 25. Qd1 Qa5 26. f4 Qb6 27. Kf1 1-0